LEADER 00992nam0-2200337---450- 001 990009961690403321 005 20150506100632.0 010 $a978-88-4282-003-1 035 $a000996169 035 $aFED01000996169 035 $a(Aleph)000996169FED01 035 $a000996169 100 $a20150504d2014----km-y0itay50------ba 101 0 $aita 102 $aIT 105 $ay-------001yy 200 1 $aCool War$estati Uniti e Cina il futuro della competizione globale$fNoah Feldman$gtraduzione di Matteo Vegetti 210 $aMilano$cIl saggiatore$d2014 215 $a197 p.$d22 cm 225 1 $a<>cultura$v866 610 0 $aCina$aRelazioni con gli Stati Uniti d'America 676 $a327.51073$v22$zita 700 1$aFeldman,$bNoah$0525103 702 1$aVegetti,$bMatteo 801 0$aIT$bUNINA$gREICAT$2UNIMARC 901 $aBK 912 $a990009961690403321 952 $aCollez. 994 (866)$b188/2015$fFSPBC 959 $aFSPBC 996 $aCool war$917234 997 $aUNINA LEADER 01477nam0 22003013i 450 001 SUN0125651 005 20200309093712.317 010 $a978-88-916282-8-2$d0.00 100 $a20191128d2019 |0itac50 ba 101 $aita 102 $aIT 105 $a|||| ||||| 200 1 $a*Valutazione sismica e tecniche di intervento per edifici esistenti in c.a. : strategie di modellazione ... / Rui Pinho, Federica Bianchi, Roberto Nascimbene 205 $aSantarcangelo di Romagna : Maggioli, 2019 210 $a298 p.$cill. ; 24 cm 215 $aSul front.: Aggiornato alla circolare esplicativa NTC18 del 21 gennaio 2019, n. 7. 410 1$1001SUN0125621$12001 $a*Costruzioni, antisismica & normativa tecnica$v3$1210 $aSantarcangelo di Romagna$cMaggioli. 606 $aCostruzioni in cemento armato$xStabilità$2AR$3SUNC035457 620 $dSantarcangelo di Romagna$3SUNL000123 700 1$aPinho$b, Rui$3SUNV044944$0434192 701 1$aNascimbene$b, Roberto$3SUNV093075$0764107 701 1$aBianchi$b, Federica$3SUNV097081$0569551 712 $aMaggioli$3SUNV000144$4650 801 $aIT$bSOL$c20200316$gRICA 912 $aSUN0125651 950 $aBIBLIOTECA DEL DIPARTIMENTO DI ARCHITETTURA E DISEGNO INDUSTRIALE$d01PREST IIEb133 $e01BDA1322 20191128 996 $aValutazione sismica e tecniche di intervento per edifici esistenti in c.a. : strategie di modellazione ..$91566694 997 $aUNICAMPANIA